000 00259nam a22001217a 4500
003 SGT
082 _a823
_bISH
100 _aISHIGURO KAZUO
245 _aTHE REMAINS OF THE DAY
260 _aLONDON
_bFABER & FABER
_c2005
300 _a258
942 _2ddc
_cBK
999 _c33894
_d33894